[Event "IV Festival Internacional DUCHAMP in RIO Master - 7 a 14 dezembro - 15.000 USD"]
[Site "Hotel South American, Copacabana , Rio de Janeiro, RJ"]
[Date "2022.12.07"]
[Round "1"]
[Board "29"]
[White "Federzoni, Enzo"]
[Black "Arruda Filho, Ivo Pereira De"]
[Result "1-0"]
[WhiteElo "2177"]
[BlackElo "1679"]
[PlyCount "35"]
[EventDate "2022.12.07"]
[EventRounds "9"]
[EventCountry "BRA"]

1. e4 c5 2. Nf3 d6 3. d4 cxd4 4. Nxd4 Nf6 5. Nc3 a6 6. Bg5 e6 7. f4 Be7 8. Qf3 h6
9. Bh4 Qc7 10. O-O-O b5 11. e5 Bb7 12. Qg3 dxe5 13. fxe5 Nh5 14. Nxe6 fxe6 15. Qg6+
Kf8 16. Qxh5 g5 17. Bxb5 Kg7 18. Bd3  1-0

[Event "IV Festival Internacional DUCHAMP in RIO Master - 7 a 14 dezembro - 15.000 USD"]
[Site "Hotel South American, Copacabana , Rio de Janeiro, RJ"]
[Date "2022.12.07"]
[Round "1"]
[Board "31"]
[White "Becker, Rogerio Sperb"]
[Black "Sandrim Juliao, Tais"]
[Result "1-0"]
[WhiteElo "2135"]
[BlackElo "1669"]
[PlyCount "113"]
[EventDate "2022.12.07"]
[EventRounds "9"]
[EventCountry "BRA"]

1. c4 Nf6 2. Nf3 g6 3. Nc3 Bg7 4. e4 d6 5. d4 O-O 6. Be2 c5 7. O-O Nc6 8. d5 Nb8
9. h3 e5 10. dxe6 fxe6 11. e5 dxe5 12. Qxd8 Rxd8 13. Nxe5 Na6 14. Bg5 Rf8 15. Rad1
Ne4 16. Nxe4 Bxe5 17. b3 Bd4 18. Nd6 Nb4 19. Be7 Nxa2 20. Bxf8 Kxf8 21. Bf3 Ke7 22.
Nb5 Bg7 23. Rfe1 Bd7 24. Re2 Nc3 25. Nxc3 Bxc3 26. Rd3 Bd4 27. Bxb7 Rb8 28. Be4 e5
29. Ra2 Rf8 30. Rf3 Rxf3 31. Bxf3 Kd6 32. Ra6+ Kc7 33. Rxa7+ Kd8 34. Bg4 Bc6 35.
Rxh7 Be4 36. Bd1 Bd3 37. Ra7 Ke8 38. h4 Kf8 39. g4 e4 40. Kg2 e3 41. fxe3 Bxe3 42.
Bf3 Bc2 43. Rb7 Bd4 44. h5 Bc3 45. Kg3 g5 46. Bd5 Bd4 47. h6 Be5+ 48. Kf2 Bd1 49.
Be6 Bd4+ 50. Ke1 Bc2 51. Bf5 Bc3+ 52. Ke2 Bxf5 53. gxf5 Kg8 54. Kf3 Bd4 55. Kg4 Be3
56. f6 Bd2 57. Rg7+  1-0

[Event "IV Festival Internacional DUCHAMP in RIO Master - 7 a 14 dezembro - 15.000 USD"]
[Site "Hotel South American, Copacabana , Rio de Janeiro, RJ"]
[Date "2022.12.07"]
[Round "1"]
[Board "32"]
[White "Campagnolo, Fabiola"]
[Black "Moura, Eduardo Eugenio Chaves"]
[Result "0-1"]
[WhiteElo "1663"]
[BlackElo "2098"]
[PlyCount "50"]
[EventDate "2022.12.07"]
[EventRounds "9"]
[EventCountry "BRA"]

1. d4 c5 2. d5 Nf6 3. c4 b5 4. cxb5 a6 5. bxa6 g6 6. Nc3 Bg7 7. g3 d6 8. e4 O-O 9.
Nge2 Bxa6 10. Bg2 Nbd7 11. O-O Qb6 12. Kh1 Ne5 13. f4 Nd3 14. Qc2 Rfb8 15. b3 c4
16. Na4 Qa7 17. Nb2 cxb3 18. axb3 Nf2+ 19. Kg1 N2xe4+ 20. Kh1 Nf2+ 21. Kg1 N2g4+
22. Kh1 Nf2+ 23. Kg1 N6g4 24. Nc3 Nh3+ 25. Kh1 Qg1+  0-1

[Event "IV Festival Internacional DUCHAMP in RIO Master - 7 a 14 dezembro - 15.000 USD"]
[Site "Hotel South American, Copacabana , Rio de Janeiro, RJ"]
[Date "2022.12.07"]
[Round "1"]
[Board "35"]
[White "Silva, Caio Henrique Angelico"]
[Black "Gomes, Marco Tulio Caldeira"]
[Result "1-0"]
[WhiteElo "2090"]
[BlackElo "1646"]
[PlyCount "51"]
[EventDate "2022.12.07"]
[EventRounds "9"]
[EventCountry "BRA"]

1. Nf3 Nf6 2. g3 e6 3. Bg2 d5 4. O-O Be7 5. d4 O-O 6. c4 dxc4 7. Qc2 a6 8. a4 c5
9. dxc5 Bxc5 10. Qxc4 Nbd7 11. Qc2 Re8 12. Nc3 Qe7 13. Ng5 h6 14. Nge4 Bb4 15. Bd2
Nxe4 16. Nxe4 Bxd2 17. Qxd2 Nc5 18. Nxc5 Qxc5 19. Rac1 Qb6 20. Rfd1 a5 21. Qd4 Ra6
22. Rc5 Qb3 23. Be4 f5 24. Rb5 Qa2 25. Bb1 Qa1 26. Bc2  1-0

[Event "IV Festival Internacional DUCHAMP in RIO Master - 7 a 14 dezembro - 15.000 USD"]
[Site "Hotel South American, Copacabana , Rio de Janeiro, RJ"]
[Date "2022.12.07"]
[Round "1"]
[Board "37"]
[White "Lage, Pedro Ferreira"]
[Black "De Oliveira, Joao Eudes"]
[Result "1-0"]
[WhiteElo "2078"]
[BlackElo "1613"]
[PlyCount "81"]
[EventDate "2022.12.07"]
[EventRounds "9"]
[EventCountry "BRA"]

1. Nf3 Nf6 2. c4 e6 3. g3 Be7 4. Bg2 O-O 5. d4 d5 6. O-O Nbd7 7. Qc2 c6 8. Nbd2 Qc7
9. e4 Nxe4 10. Nxe4 dxe4 11. Qxe4 Nf6 12. Qe2 Re8 13. Bf4 Bd6 14. Bxd6 Qxd6 15. Rad1
Bd7 16. Ne5 Rab8 17. Rfe1 Rbd8 18. c5 Qc7 19. Nc4 Nd5 20. Nd6 Rf8 21. Bxd5 cxd5 22.
b4 b6 23. Qe5 Bc8 24. Rc1 bxc5 25. dxc5 a6 26. a4 Bb7 27. b5 Bc8 28. Rc3 Qa5 29.
b6 Qxa4 30. Nxc8 Rxc8 31. b7 Rb8 32. c6 Qb4 33. c7 Rxb7 34. c8=Q Rb8 35. Qcxb8 Qxb8
36. Qxb8 Rxb8 37. Rec1 g6 38. Rc8+ Rxc8 39. Rxc8+ Kg7 40. Ra8 Kf6 41. Rxa6  1-0

[Event "IV Festival Internacional DUCHAMP in RIO Master - 7 a 14 dezembro - 15.000 USD"]
[Site "Hotel South American, Copacabana , Rio de Janeiro, RJ"]
[Date "2022.12.07"]
[Round "1"]
[Board "38"]
[White "Motta, Vinicius Araujo Dias B."]
[Black "Lima, Stefan Moisei Vieira"]
[Result "0-1"]
[WhiteElo "1580"]
[BlackElo "2076"]
[PlyCount "98"]
[EventDate "2022.12.07"]
[EventRounds "9"]
[EventCountry "BRA"]

1. e4 c5 2. d4 cxd4 3. c3 d3 4. Bxd3 Nf6 5. Nf3 g6 6. O-O Bg7 7. Qe2 d6 8. h3 Nc6
9. Be3 O-O 10. Rd1 Nd7 11. Nd4 a6 12. a4 Qc7 13. Na3 b6 14. Nac2 Nce5 15. f4 Nxd3
16. Qxd3 Bb7 17. b4 Nf6 18. Ra3 Bxe4 19. Qe2 e5 20. fxe5 dxe5 21. Nf3 Rfd8 22. Rxd8+
Rxd8 23. Bg5 Bd3 24. Qf2 Ne4 25. Bxd8 Qxd8 26. Qe3 Bxc2 27. c4 Ng3 28. Qd2 Qxd2 29.
Nxd2 Ne4 30. Nxe4 Bxe4 31. a5 bxa5 32. Rxa5 Bd3 33. b5 axb5 34. cxb5 Bh6 35. Ra8+
Kg7 36. Rb8 Be3+ 37. Kh1 Ba7 38. Rb7 Bf2 39. b6 e4 40. g4 e3 41. Re7 Bb5 42. b7 Bc6+
43. Kh2 Bxb7 44. Rxb7 e2 45. Re7 e1=Q 46. Rxe1 Bxe1 47. Kg2 Kf6 48. Kf3 Kg5 49. Ke2
Bg3  0-1

[Event "IV Festival Internacional DUCHAMP in RIO Master - 7 a 14 dezembro - 15.000 USD"]
[Site "Hotel South American, Copacabana , Rio de Janeiro, RJ"]
[Date "2022.12.07"]
[Round "1"]
[Board "41"]
[White "Campos, Alexandre Ferreira"]
[Black "Bashtavenko, Aleksey"]
[Result "1-0"]
[WhiteElo "2034"]
[BlackElo "1565"]
[PlyCount "89"]
[EventDate "2022.12.07"]
[EventRounds "9"]
[EventCountry "BRA"]

1. e4 c5 2. Nf3 e6 3. c4 g6 4. g3 Bg7 5. Bg2 Nc6 6. O-O Nge7 7. Nc3 O-O 8. d3 d5
9. exd5 exd5 10. Bf4 a6 11. Na4 b5 12. cxb5 axb5 13. Nxc5 Bxb2 14. Rb1 Bg7 15. Rxb5
Rxa2 16. Qb1 Ra1 17. Qb3 Rxf1+ 18. Kxf1 Bg4 19. Be3 Qa8 20. h3 Be6 21. Kg1 Nf5 22.
Nxe6 fxe6 23. Bc5 Ncd4 24. Nxd4 Nxd4 25. Qb4 Qa1+ 26. Kh2 Ne2 27. Qb1 Qxb1 28. Rxb1
Ra8 29. Be3 Bd4 30. Re1 Bxe3 31. Rxe2 Bd4 32. Rxe6 Rd8 33. f4 Kf7 34. Rc6 Bf6 35.
g4 d4 36. Kg3 Re8 37. Be4 Rd8 38. h4 Be7 39. g5 Bd6 40. Kg4 Ke7 41. Ra6 Rd7 42. f5
Kf7 43. Bd5+ Ke8 44. Bc6 gxf5+ 45. Kxf5  1-0

[Event "IV Festival Internacional DUCHAMP in RIO Master - 7 a 14 dezembro - 15.000 USD"]
[Site "Hotel South American, Copacabana , Rio de Janeiro, RJ"]
[Date "2022.12.07"]
[Round "1"]
[Board "43"]
[White "Cezar Junior, William Carlos"]
[Black "Senger, Maria Clara Da Silveira"]
[Result "1-0"]
[WhiteElo "2023"]
[BlackElo "1537"]
[PlyCount "65"]
[EventDate "2022.12.07"]
[EventRounds "9"]
[EventCountry "BRA"]

1. c4 e6 2. g3 d5 3. Bg2 Nf6 4. Nf3 Be7 5. O-O O-O 6. b3 c6 7. Bb2 Nbd7 8. d3 b6
9. Nbd2 Bb7 10. e4 Rc8 11. Qe2 dxe4 12. dxe4 Qc7 13. e5 Ne8 14. Rad1 Rd8 15. h4 g6
16. Ne4 c5 17. Rd3 Bxe4 18. Qxe4 Ng7 19. Rfd1 Rfe8 20. Nh2 Nf5 21. Qc6 Qb8 22. Rxd7
Bf8 23. Ng4 Bg7 24. Nf6+ Bxf6 25. exf6 Rf8 26. Rxd8 Rxd8 27. Rxd8+ Qxd8 28. Be5 Nd4
29. Qa8 Qxa8 30. Bxa8 Kf8 31. Bb8 b5 32. Bxa7 Nf3+ 33. Bxf3  1-0

[Event "IV Festival Internacional DUCHAMP in RIO Master - 7 a 14 dezembro - 15.000 USD"]
[Site "Hotel South American, Copacabana , Rio de Janeiro, RJ"]
[Date "2022.12.07"]
[Round "1"]
[Board "44"]
[White "Campagnolo, Bruna"]
[Black "Santos Filho, Tadeu Sousa"]
[Result "1/2-1/2"]
[WhiteElo "1535"]
[BlackElo "2018"]
[PlyCount "52"]
[EventDate "2022.12.07"]
[EventRounds "9"]
[EventCountry "BRA"]

1. e4 c6 2. d4 d5 3. exd5 cxd5 4. Bd3 Nc6 5. c3 Nf6 6. Ne2 Bg4 7. O-O Bf5 8. Bf4
e6 9. Na3 Bd6 10. Nb5 Bb8 11. Bxb8 Qxb8 12. Qd2 Bxd3 13. Qxd3 a6 14. Na3 b5 15. Nc2
a5 16. a3 O-O 17. Qd2 Nh5 18. b4 Qd6 19. Qg5 g6 20. Ne3 f6 21. Qh4 Ne7 22. Rfd1 Ra6
23. Rd2 axb4 24. cxb4 Kg7 25. Rc2 Rfa8 26. Rc3 R8a7  1/2-1/2

[Event "IV Festival Internacional DUCHAMP in RIO Master - 7 a 14 dezembro - 15.000 USD"]
[Site "Hotel South American, Copacabana , Rio de Janeiro, RJ"]
[Date "2022.12.07"]
[Round "1"]
[Board "45"]
[White "Tamarozi, Isabelle"]
[Black "Araujo, Barbara Ribeiro"]
[Result "1-0"]
[WhiteElo "2005"]
[BlackElo "1533"]
[PlyCount "57"]
[EventDate "2022.12.07"]
[EventRounds "9"]
[EventCountry "BRA"]

1. e4 c5 2. Nf3 g6 3. d4 cxd4 4. Nxd4 Bg7 5. c4 Nc6 6. Be3 d6 7. Nc3 Nf6 8. Be2 O-O
9. O-O Bd7 10. Qd2 a6 11. f3 Rc8 12. Rac1 Nxd4 13. Bxd4 Ne8 14. Rfd1 Qa5 15. Nd5
Bxd4+ 16. Qxd4 Qd8 17. Qe3 b5 18. cxb5 Rxc1 19. Rxc1 axb5 20. Qa7 f5 21. Bxb5 Bxb5
22. Nxe7+ Kh8 23. Rc8 Qxc8 24. Nxc8 fxe4 25. Qe7 Kg8 26. Nxd6 Nxd6 27. Qxd6 Bd3 28.
h3 Kg7 29. fxe4  1-0

[Event "IV Festival Internacional DUCHAMP in RIO Master - 7 a 14 dezembro - 15.000 USD"]
[Site "Hotel South American, Copacabana , Rio de Janeiro, RJ"]
[Date "2022.12.07"]
[Round "1"]
[Board "47"]
[White "Bezerra, Natacio Goncalves"]
[Black "Romais, Rodrigo"]
[Result "1-0"]
[WhiteElo "1988"]
[BlackElo "1523"]
[PlyCount "45"]
[EventDate "2022.12.07"]
[EventRounds "9"]
[EventCountry "BRA"]

1. e4 e6 2. d4 d5 3. Nd2 Nf6 4. e5 Nfd7 5. Bd3 c5 6. c3 Nc6 7. Ne2 a6 8. Nf3 b5 9.
O-O Qb6 10. Re1 b4 11. c4 dxc4 12. Bxc4 cxd4 13. Nexd4 Nxd4 14. Nxd4 Bc5 15. Be3
Bb7 16. Nb3 Qc6 17. Bf1 Bxe3 18. Rxe3 Rd8 19. Qg4 g6 20. Qxb4 Ba8 21. Rc1 Rb8 22.
Rxc6 Rxb4 23. Rc8+  1-0

[Event "IV Festival Internacional DUCHAMP in RIO Master - 7 a 14 dezembro - 15.000 USD"]
[Site "Hotel South American, Copacabana , Rio de Janeiro, RJ"]
[Date "2022.12.07"]
[Round "1"]
[Board "48"]
[White "Serafim, Paulo Rogerio"]
[Black "Rothebarth, Ana Vitoria De Paula"]
[Result "0-1"]
[WhiteElo "1466"]
[BlackElo "1987"]
[PlyCount "60"]
[EventDate "2022.12.07"]
[EventRounds "9"]
[EventCountry "BRA"]

1. c4 e5 2. Nc3 Nf6 3. Nf3 Nc6 4. e3 Be7 5. d4 exd4 6. exd4 d5 7. Be2 O-O 8. O-O
dxc4 9. Bxc4 Bg4 10. d5 Na5 11. Be2 Bb4 12. Qa4 Bxc3 13. bxc3 Qxd5 14. c4 Qe4 15.
Be3 b6 16. Rfd1 Rad8 17. Qa3 Nxc4 18. Bxc4 Rxd1+ 19. Rxd1 Qxc4 20. Rc1 Qd5 21. Qxa7
Bxf3 22. gxf3 Qxf3 23. Qxc7 Nd5 24. Qe5 Nxe3 25. fxe3 h6 26. Rf1 Qc6 27. Rf2 Re8
28. Qf4 Qg6+ 29. Kf1 Qb1+ 30. Kg2 Qe4+  0-1

[Event "IV Festival Internacional DUCHAMP in RIO Master - 7 a 14 dezembro - 15.000 USD"]
[Site "Hotel South American, Copacabana , Rio de Janeiro, RJ"]
[Date "2022.12.07"]
[Round "1"]
[Board "49"]
[White "Manzi, Luiz Antonio Bardaro"]
[Black "Garcia, Erich Douglas Ribeiro"]
[Result "1-0"]
[WhiteElo "1984"]
[BlackElo "1429"]
[PlyCount "113"]
[EventDate "2022.12.07"]
[EventRounds "9"]
[EventCountry "BRA"]

1. Nf3 d5 2. g3 c5 3. Bg2 Nc6 4. d4 e6 5. O-O cxd4 6. Nxd4 Bc5 7. Nxc6 bxc6 8. c4
Ne7 9. cxd5 cxd5 10. e4 O-O 11. exd5 Nxd5 12. Nc3 Bb7 13. Nxd5 Bxd5 14. Bxd5 Qxd5
15. Qxd5 exd5 16. Rd1 d4 17. Bf4 Rad8 18. Rac1 Rd5 19. a3 Bd6 20. Bxd6 Rxd6 21. Rc7
a6 22. Kf1 d3 23. Rc3 Rfd8 24. Ke1 g6 25. Kd2 Kg7 26. Re1 Rb8 27. b4 a5 28. Re4 axb4
29. Rxb4 Ra8 30. Rbb3 Rda6 31. Rxd3 Ra4 32. Kc2 Re8 33. Re3 Rc8+ 34. Kb2 Rd8 35.
Re2 Rc8 36. Rb4 Ra5 37. h4 h5 38. a4 Rd8 39. Ka3 Rd3+ 40. Kb2 Rf3 41. Rb3 Rf6 42.
Ka3 Ra7 43. f4 Rd6 44. Re5 Rd4 45. a5 Rc4 46. Rg5 f6 47. Rgb5 Kh6 48. Kb2 Rd7 49.
a6 Rd2+ 50. Ka3 Rcc2 51. Rb6 Ra2+ 52. Kb4 Rd4+ 53. Kc5 Re4 54. Rxf6 Rea4 55. Rbb6
Ra5+ 56. Kd4 R2a4+ 57. Ke3  1-0

[Event "IV Festival Internacional DUCHAMP in RIO Master - 7 a 14 dezembro - 15.000 USD"]
[Site "Hotel South American, Copacabana , Rio de Janeiro, RJ"]
[Date "2022.12.07"]
[Round "1"]
[Board "50"]
[White "Richards, Jaleel"]
[Black "Reichert, Thiago Da Cruz"]
[Result "0-1"]
[WhiteElo "1392"]
[BlackElo "1968"]
[PlyCount "78"]
[EventDate "2022.12.07"]
[EventRounds "9"]
[EventCountry "BRA"]

1. e4 e6 2. Nf3 d5 3. exd5 exd5 4. d4 Nc6 5. Bb5 Bg4 6. Qd3 Bd6 7. O-O Nge7 8. Bg5
O-O 9. Bxc6 bxc6 10. h3 Bh5 11. Nbd2 f6 12. Bh4 Rb8 13. b3 Bg6 14. Qc3 Re8 15. a3
Qd7 16. Bg3 Bxg3 17. fxg3 Nf5 18. Kf2 Re3 19. Qc5 Rbe8 20. Rfe1 Rxe1 21. Rxe1 Rxe1
22. Nxe1 Qe6 23. Nf1 Nd6 24. Nd2 Qf5+ 25. Kg1 Qg5 26. Ndf3 Qe3+ 27. Kh2 Be4 28. Qxc6
h6 29. Qxc7 Nf5 30. g4 Nxd4 31. Nxd4 Qxd4 32. Nf3 Qf2 33. Qc3 Bxc2 34. b4 Be4 35.
a4 Qa2 36. a5 Qe2 37. Qc8+ Kh7 38. Qc3 d4 39. Qb3 Bxf3  0-1

[Event "IV Festival Internacional DUCHAMP in RIO Master - 7 a 14 dezembro - 15.000 USD"]
[Site "Hotel South American, Copacabana , Rio de Janeiro, RJ"]
[Date "2022.12.07"]
[Round "1"]
[Board "51"]
[White "Cordero, Daniela"]
[Black "Pessoa, Vitor Henrique Leopoldino"]
[Result "1-0"]
[WhiteElo "1967"]
[BlackElo "1358"]
[PlyCount "79"]
[EventDate "2022.12.07"]
[EventRounds "9"]
[EventCountry "BRA"]

1. d4 Nf6 2. Nf3 g6 3. c4 Bg7 4. g3 e6 5. Bg2 O-O 6. O-O d5 7. Qc2 Nc6 8. Rd1 Qe7
9. a3 a5 10. b3 Ne4 11. Bb2 f5 12. Nc3 Rd8 13. e3 h6 14. Ne1 Qf7 15. Nxe4 fxe4 16.
f3 exf3 17. Nxf3 Qf5 18. Qe2 Bd7 19. Nh4 Qg5 20. e4 dxc4 21. bxc4 Be8 22. Nf3 Qg4
23. e5 Bf7 24. Rd2 Rd7 25. Rad1 Rad8 26. Qe1 g5 27. h3 Qh5 28. g4 Qg6 29. Nh2 Qh7
30. d5 Ne7 31. Nf3 Ng6 32. dxe6 Bxe6 33. Rxd7 Rxd7 34. Rxd7 Bxd7 35. Qxa5 Nf4 36.
Qd2 Qb1+ 37. Kh2 Be6 38. Bc3 Qd3 39. Qxd3 Nxd3 40. Kg3  1-0

[Event "IV Festival Internacional DUCHAMP in RIO Master - 7 a 14 dezembro - 15.000 USD"]
[Site "Hotel South American, Copacabana , Rio de Janeiro, RJ"]
[Date "2022.12.07"]
[Round "1"]
[Board "52"]
[White "Zhong, Lanxin"]
[Black "Meza, Anahi"]
[Result "0-1"]
[WhiteElo "1333"]
[BlackElo "1965"]
[PlyCount "108"]
[EventDate "2022.12.07"]
[EventRounds "9"]
[EventCountry "BRA"]

1. e4 c5 2. Nf3 e6 3. d4 cxd4 4. Nxd4 a6 5. Nc3 b5 6. a3 Bb7 7. Bd3 Qb6 8. Be3 Bc5
9. Nce2 e5 10. Nf5 Bxe3 11. Nxe3 Nf6 12. Nc3 O-O 13. O-O d6 14. Qf3 Nbd7 15. Qh3
Nc5 16. Ncd5 Nxd5 17. Nxd5 Bxd5 18. exd5 g6 19. b4 Nxd3 20. Qxd3 Rac8 21. Rac1 Rc4
22. c3 f5 23. a4 Rfc8 24. axb5 axb5 25. Rc2 Qc7 26. Re1 e4 27. Qg3 Rf8 28. Qf4 Qe7
29. Qe3 f4 30. Qb6 Qd7 31. h3 f3 32. Kh2 fxg2 33. Qe3 Kg7 34. Ra1 Qf5 35. Ra7+ Rf7
36. Rxf7+ Kxf7 37. Kxg2 Qxd5 38. Ra2 Rc8 39. Rd2 Qe5 40. Qh6 Ke6 41. Rc2 Qd5 42.
Qe3 Qd3 43. Re2 Kf5 44. Rd2 Qxe3 45. fxe3 Ke5 46. Rc2 Kd5 47. Kf2 Kc4 48. Ke2 Kb3
49. Kd2 Rf8 50. Rc1 Rf2+ 51. Ke1 Rh2 52. h4 Rh1+ 53. Kd2 Rxc1 54. Kxc1 Kxc3  0-1

[Event "IV Festival Internacional DUCHAMP in RIO Master - 7 a 14 dezembro - 15.000 USD"]
[Site "Hotel South American, Copacabana , Rio de Janeiro, RJ"]
[Date "2022.12.07"]
[Round "1"]
[Board "53"]
[White "Okamura, Milton Kasuo"]
[Black "Mesquita, Victor Noronha"]
[Result "1-0"]
[WhiteElo "1964"]
[BlackElo "1172"]
[PlyCount "75"]
[EventDate "2022.12.07"]
[EventRounds "9"]
[EventCountry "BRA"]

1. d4 d5 2. c4 c6 3. Nf3 Nf6 4. Nc3 e6 5. e3 Be7 6. Bd3 O-O 7. O-O Nbd7 8. b3 Qc7
9. Bb2 b6 10. cxd5 exd5 11. Rc1 Bb7 12. Qe2 Qd8 13. Rfd1 Re8 14. Ne5 Nxe5 15. dxe5
Nd7 16. f4 Bf8 17. Qh5 g6 18. Qg4 Bg7 19. h4 Qe7 20. h5 gxh5 21. Qxh5 Nf8 22. Ne2
Qe6 23. Ng3 Qh6 24. Qxh6 Bxh6 25. Nf5 Bg7 26. Nd6 Re7 27. Nxb7 Rxb7 28. Rxc6 Rd8
29. Bf5 Rbb8 30. Rc7 a5 31. Rdc1 Ng6 32. g3 Bf8 33. Bd4 Ne7 34. Bg4 a4 35. bxa4 Ra8
36. Bd1 Nf5 37. Bxb6 Nxe3 38. Bxe3  1-0

[Event "IV Festival Internacional DUCHAMP in RIO Master - 7 a 14 dezembro - 15.000 USD"]
[Site "Hotel South American, Copacabana , Rio de Janeiro, RJ"]
[Date "2022.12.07"]
[Round "1"]
[Board "54"]
[White "Balcon, Alexis"]
[Black "Fonseca, Luis Ernesto Serra Azul"]
[Result "0-1"]
[WhiteElo "1023"]
[BlackElo "1953"]
[PlyCount "70"]
[EventDate "2022.12.07"]
[EventRounds "9"]
[EventCountry "BRA"]

1. e4 e5 2. Nf3 Nc6 3. Bb5 a6 4. Bxc6 dxc6 5. Nc3 Bg4 6. d3 Qf6 7. b3 Bc5 8. O-O
Ne7 9. Nb1 Ng6 10. Nbd2 Nf4 11. Bb2 Ng6 12. Nc4 Bxf3 13. Qxf3 Qxf3 14. gxf3 f6 15.
Rad1 O-O-O 16. c3 Nf4 17. Rfe1 Nh3+ 18. Kg2 Nxf2 19. Rd2 Nxd3 20. Red1 Nxb2 21. Nxb2
Rxd2+ 22. Rxd2 Rd8 23. Re2 Rd7 24. b4 Ba7 25. Nc4 c5 26. Rb2 cxb4 27. Rxb4 Kd8 28.
a3 Rd3 29. Rb3 b5 30. Na5 Kd7 31. a4 Rd2+ 32. Kg3 Ra2 33. Nb7 Rxa4 34. Kg4 g6 35.
Rb2 Kc8  0-1